Things Only Jetpunkers Would Know - Statistics

General Stats
  • This quiz has been taken 26 times
  • The average score is 11 of 15
Answer Stats
Hint Answer % Correct
What is the smallest country in the world? Vatican City
92%
(2nd) Vatican City
92%
What is the capital of Austria? Vienna
92%
Second smallest? Monaco
88%
What is the only country to start with a Q? Qatar
88%
What is the capital of North Korea? Pyongyang
83%
Where was Christopher Columbus born? Genoa, Italy
75%
There are 2 countries who have a square flag. Can you name both? Switzerland
75%
East of Ghana? Togo
71%
What country is due north of Ghana? Burkina-Faso
67%
West? Ivory Coast
67%
What is the capital of Morocco? Rabat
67%
What country did Josip Broz Tito rule for 37 years? Yugoslavia
50%
The 2nd square flag country is also know as... The Holy See
38%
What was India called during British occupation? British Raj
29%
No matching quizzes found
Score Distribution
Percent of People with Each Score
Percentile by Number Answered
Your Score History
You have not taken this quiz